| 000 | 01011cam a2200265 a 4500 | ||
|---|---|---|---|
| 001 | 2471341 | ||
| 005 | 20090429151409.0 | ||
| 008 | 900713s1991 enka b 001 0 eng | ||
| 020 | _a0415056241 | ||
| 040 |
_aDLC _cDLC _dDLC |
||
| 082 | 0 | 0 |
_a327 _222 _bPER |
| 245 | 0 | 0 |
_aPerspectives on World Politics : _ba Reader / _cedited by Richard Little and Michael Smith. |
| 250 | _a2nd ed. | ||
| 260 |
_aLondon ; _aNew York : _bRoutledge, _c1991. |
||
| 300 |
_avii, 478 p. : _bill. ; _c22 cm. |
||
| 504 | _aIncludes bibliographical references and index. | ||
| 541 | _aDonation | ||
| 650 | 0 |
_aInternational relations. _930861 |
|
| 653 |
_bPol _cAugust2012 |
||
| 700 | 1 |
_aLittle, Richard, _d1944- _930862 |
|
| 700 | 1 |
_aSmith, Michael, _d1947 Apr. 10- _930863 |
|
| 942 |
_2ddc _cBB |
||
| 999 |
_c16954 _d16954 |
||